[Event "Open Desko Liberec 2020"]
[Site "Liberec"]
[Date "2020.07.17"]
[Round "1.1"]
[White "Bures, Jaroslav"]
[Black "Burita, Dobroslav"]
[Result "1-0"]
[WhiteElo "2382"]
[BlackElo "1688"]
[Annotator "TA"]
[PlyCount "59"]
[EventDate "2020.07.18"]
[EventType "swiss"]
[EventCountry "CZE"]
[SourceTitle "playchess.com"]
[Source "ChessBase"]
[SourceQuality "1"]

{[%evp 12,59,38,31,56,29,50,44,77,83,87,54,65,61,106,87,90,98,81,83,287,79,135,106,99,108,102,113,106,102,164,137,164,163,154,146,170,146,390,382,353,396,681,677,679,391,652,643,628,618]} 1. d4 d5 2. c4 e6 3. Nc3 Nf6 4. cxd5 Nxd5 5. Nf3 Be7 6. e4 Nxc3 7. bxc3 O-O {D35: Queen's Gambit Declined: Exchange Variation.} 8. Bc4 Nd7 9. O-O Nb6 {White is slightly better.} 10. Bb3 c5 11. a4 {[%cal Ba2a4,Ba4a5][%mdl 32] [#]} cxd4 $146 ({Predecessor:} 11... a5 12. Be3 cxd4 13. cxd4 Nd7 14. Qb1 Ra6 15. Rd1 Bf6 16. Ra2 Qc7 17. Rc2 Rc6 {1-0 (31) Biebinger,G (2263)-Boehler,K (2014) Neustadt 2018}) 12. cxd4 Bd7 13. a5 Nc8 14. d5 exd5 15. Bxd5 {a6 is the strong threat.} Bb5 $2 {[#]} (15... Bc6 $16) 16. Re1 $2 ({Less strong is} 16. Bxb7 Rb8 $14) (16. a6 $1 $18 {and the rest is easy.}) 16... Bb4 {[#]} ({Better is} 16... Bc6) 17. Bxf7+ $1 {[%mdl 512]} Kh8 (17... Rxf7 18. Qxd8+) 18. Qxd8 Rxd8 19. Bg5 $36 {[%mdl 2048] White is on the roll.} Bxe1 20. Bxd8 {Hoping for e5.} Bxf2+ (20... Bc3 $16 21. Rd1 Be2) 21. Kxf2 $18 Nd6 22. Bd5 Rxd8 23. Rc1 Ba6 24. e5 Nf5 $2 (24... Ne8 $16) 25. Ng5 Nh6 {If only Black now had time for ...Ng4+....} 26. e6 {And now e7 would win.} b6 $2 (26... g6) 27. e7 Re8 28. Re1 {Threatens to win with Bc6.} g6 $2 (28... Bb5 29. Nf7+ Nxf7) 29. Bc6 Ng4+ 30. Kg1 {Accuracy: White = 59%, Black = 39%.} 1-0

[Event "Open Desko Liberec 2020"]
[Site "Liberec"]
[Date "2020.07.17"]
[Round "1.2"]
[White "Vytlacil, Vaclav"]
[Black "Liska, Jiri"]
[Result "0-1"]
[WhiteElo "1670"]
[BlackElo "2272"]
[Annotator "TA"]
[PlyCount "58"]
[EventDate "2020.07.18"]
[EventType "swiss"]
[EventCountry "CZE"]
[SourceTitle "playchess.com"]
[Source "ChessBase"]
[SourceQuality "1"]

{[%evp 14,58,0,0,0,0,0,-26,-25,-46,-51,-47,-37,-80,-61,-122,-122,-122,-123,-137,-137,-141,-129,-133,-135,-254,-253,-256,-247,-243,-255,-243,-239,-263,-262,-807,-843,-813,-856,-1028,-1013,-994,-981,-959,-931,-29961,-29963]} 1. e4 c5 2. Nc3 Nc6 3. f4 g6 4. Nf3 Bg7 5. Bb5 Nd4 6. O-O Nxb5 7. Nxb5 a6 8. Nc3 b5 {B23: Closed Sicilian: Lines without g3.} 9. d3 Bb7 10. Be3 Rc8 {[#] Black has an edge.} 11. Rb1 $146 ({Predecessor:} 11. Qe1 b4 12. Ne2 Bxb2 13. Rb1 Bg7 14. c3 a5 15. cxb4 axb4 16. a3 Ba6 17. Rb3 bxa3 18. Rxa3 {½-½ (39) Sig Vargas,M (2166)-Gonzalvo Lara,V (2184) Aragon 2003}) 11... Nf6 12. Qe1 O-O 13. h3 d5 14. e5 {[#]} ({Better is} 14. Nxd5 $15 Nxd5 15. exd5) 14... d4 $1 $17 15. exf6 exf6 16. Bd2 dxc3 17. Bxc3 b4 18. Bd2 Re8 $36 {[%mdl 2048] Black is in control.} 19. Qh4 (19. Qd1 $17) 19... Re2 $19 {[#] White must now prevent ...Bxf3.} 20. Rf2 Bxf3 $1 21. gxf3 Qd4 22. Kf1 Re6 23. Qg3 f5 24. Re2 $2 (24. b3) 24... Rxe2 25. Kxe2 c4 {...cxd3+ is the strong threat.} 26. Qf2 cxd3+ 27. cxd3 Re8+ 28. Be3 Bh6 {aiming for ...Qxf4.} 29. Kd2 Bxf4 {Black took control after the opening. Accuracy: White = 41%, Black = 100%.} 0-1

[Event "Open Desko Liberec 2020"]
[Site "Liberec"]
[Date "2020.07.17"]
[Round "1.3"]
[White "Sernecki, Franciszek"]
[Black "Nisztuk, Michal"]
[Result "1-0"]
[WhiteElo "2243"]
[BlackElo "1657"]
[Annotator "TA"]
[PlyCount "58"]
[EventDate "2020.07.18"]
[EventType "swiss"]
[EventCountry "CZE"]
[SourceTitle "playchess.com"]
[Source "ChessBase"]
[SourceQuality "1"]

{[%evp 20,58,22,25,22,9,20,18,29,33,28,25,42,38,41,33,43,35,41,36,63,64,61,54,197,55,198,185,180,188,251,225,228,213,461,463,579,525,467,409,1160]} 1. e4 e5 2. Nf3 Nc6 3. Bb5 Nf6 4. O-O Nxe4 5. Re1 Nd6 6. Nxe5 Nxe5 7. Rxe5+ Be7 8. Bf1 O-O 9. d4 Bf6 10. Re1 Nf5 11. c3 d5 {C67: Ruy Lopez: Berlin Defence: 4 0-0 Nxe4.} 12. Bf4 c6 13. Nd2 {[%cal Bb1d2,Bd2f3,Bf3e5,Be5g6][%mdl 32]} Re8 {[#] The position is equal.} 14. Qb3 $146 ({Predecessor:} 14. Rxe8+ Qxe8 15. Nf3 Nh4 16. Nxh4 Bxh4 17. Qd2 Bf5 18. Re1 Qd7 19. Bg3 Bxg3 20. hxg3 {½-½ (20) Stojanovic,D (2503)-Predojevic,B (2652) Bihac 2016}) 14... Re7 15. Bd3 h6 16. Nf3 Nd6 17. Rxe7 (17. h3 {with more complications.} Ne4 18. Qc2 Bf5 19. Ne5 Bh7 20. f3) 17... Bxe7 18. Re1 $36 {[%mdl 2048] White has the initiative.} Bf8 19. h3 b5 20. Qc2 Be6 21. Ne5 Rc8 (21... Qc8 $14) 22. Bh7+ $18 Kh8 {[#]} 23. Ng6+ $1 {[%mdl 64] Deflection} fxg6 24. Rxe6 g5 (24... Kxh7 $142 25. Qxg6+ Kg8) 25. Be5 Nf7 26. Bg3 Qd7 $2 (26... Bd6 27. Bd3 Kg8 28. Bh7+ Kh8) 27. Bf5 {[#] Rxh6+! is the strong threat.} Qd8 28. Bg6 Nd6 29. Bxd6 Qd7 {Accuracy: White = 100%, Black = 58%.} (29... Bxd6 $142 30. Qf5 Bc7 31. Re8+ Qxe8 32. Bxe8 Rxe8) 1-0

[Event "Open Desko Liberec 2020"]
[Site "Liberec"]
[Date "2020.07.17"]
[Round "1.4"]
[White "Muller, David"]
[Black "Kucera, Petr"]
[Result "0-1"]
[WhiteElo "1671"]
[BlackElo "2230"]
[Annotator "TA"]
[PlyCount "120"]
[EventDate "2020.07.18"]
[EventType "swiss"]
[EventCountry "CZE"]
[SourceTitle "playchess.com"]
[Source "ChessBase"]
[SourceQuality "1"]

{[%evp 15,120,34,34,6,37,2,22,0,16,0,11,17,18,0,18,0,0,-12,-12,-33,-36,-34,-38,-22,-33,-118,-125,-158,-158,-159,-131,-148,-135,-149,-121,-129,0,-145,-132,-150,-147,-300,-191,-195,-195,-225,-194,-204,-175,-342,-204,-212,-198,-247,-231,-249,-174,-227,-170,-173,-175,-153,-121,-217,-220,-378,-360,-343,-293,-299,-291,-347,-308,-347,-341,-318,0,-314,0,-337,-306,-452,-425,-1923,-1874,-1925,-1806,-1628,-891,-792,-670,-1164,-1743,-29975,-29976,-29976,-29977,-29979,-29979,-8973,-7124,-29970,-29973,-6095,-2385,-3341,-2333]} 1. e4 c6 2. d4 d5 3. Nc3 dxe4 4. Nxe4 Bf5 5. Ng3 Bg6 6. Nf3 Nd7 7. Bd3 e6 8. O-O Ngf6 9. c3 {B18: Classical Caro-Kann: 4...Bf5 sidelines.} Qc7 10. a4 a5 {[#]} 11. Qc2 $146 {The position is equal.} ({Predecessor:} 11. Re1 Bd6 12. Qe2 O-O {½-½ (12) Szucs,I (2037)-Sinoros Szabo,C Hungary 2004}) 11... Bd6 12. Re1 O-O 13. Bxg6 hxg6 14. Bg5 Rfe8 15. Rad1 b5 16. Bxf6 gxf6 17. Ne4 Kg7 18. axb5 cxb5 19. d5 e5 20. Qb3 (20. Qe2 $15) 20... Rab8 $17 21. Ra1 a4 22. Qc2 Nc5 23. Nxc5 Qxc5 24. Rad1 Rbc8 25. Qe2 Rb8 26. Qc2 $1 Rec8 27. Nd2 f5 28. Qd3 $2 {[#]} (28. Nf3 $17) 28... a3 29. bxa3 Qxc3 30. Nb1 Qc2 31. Kf1 Qc4 32. Ke2 $2 (32. g3 {was called for.}) 32... Qg4+ (32... Qxd3+ $142 33. Kxd3 e4+ {[%mdl 64] Discovered Attack} 34. Ke3 Bc5+ 35. Ke2 b4) 33. Kf1 $19 Rc4 34. h3 Qf4 35. Nd2 Rd4 36. Qf3 (36. Qc2 $142) 36... Qxf3 37. Nxf3 Rxd1 38. Rxd1 {[%mdl 4096] Endgame KRB-KRN} Kf6 39. Ra1 (39. Rc1 $17) 39... Ra8 40. Nd2 $2 (40. Rb1 {was worth a try.}) 40... Rxa3 41. Rb1 Rd3 42. Ke2 Rxd5 43. Nb3 Ba3 44. Na1 Rc5 45. Kd2 Rd5+ 46. Ke2 $1 Bd6 $2 ({Black should try} 46... Be7 $19 {Strongly threatening ...b4.} 47. f3 b4) 47. Nc2 $2 {[%mdl 8192]} (47. Nb3 $1 $11 {and White has nothing to worry.} Bb4 48. Rc1) 47... Ke6 48. f4 (48. Ne3 {was necessary.} Rc5 49. Rb2) 48... e4 49. Rxb5 (49. Ne3 $142 Rd3 50. Rxb5) 49... Rxb5 50. Nd4+ {[#]} Kd5 $1 51. Nxb5 Bxf4 {KB-KN} 52. Nc3+ Kc4 53. Nd1 Kd4 54. Nf2 Bg3 55. Nd1 f4 56. Nb2 Bh4 57. Na4 Bd8 58. Nb2 f5 59. Nd1 Kc4 (59... Bh4 $142 60. Kd2 g5) 60. Nf2 Kc3 {Accuracy: White = 43%, Black = 64%.} 0-1

[Event "Open Desko Liberec 2020"]
[Site "Liberec"]
[Date "2020.07.17"]
[Round "1.5"]
[White "Vitak, Jiri"]
[Black "Papousek, Michal"]
[Result "1-0"]
[WhiteElo "2190"]
[BlackElo "1650"]
[Annotator "TA"]
[PlyCount "95"]
[EventDate "2020.07.18"]
[EventType "swiss"]
[EventCountry "CZE"]
[SourceTitle "playchess.com"]
[Source "ChessBase"]
[SourceQuality "1"]

{[%evp 20,95,55,72,75,68,89,85,92,65,74,91,115,127,127,131,185,135,189,176,174,59,59,67,64,29,29,33,28,36,50,15,16,15,23,16,444,73,71,19,66,66,139,127,278,148,283,270,411,414,424,424,365,336,306,293,288,176,181,167,174,162,299,296,325,336,341,331,318,245,633,625,581,593,694,700,673,656]} 1. d4 Nf6 2. Nf3 e6 3. g3 d5 4. c4 c6 5. Bg2 Nbd7 6. Nbd2 Be7 7. O-O O-O 8. Qc2 Qc7 9. e4 dxe4 10. Nxe4 Nxe4 11. Qxe4 c5 {E09: Closed Catalan: Main Line: 7 Qc2 c6 8 Nbd2.} 12. Qe2 Nf6 13. Bf4 Qb6 {White is better.} 14. dxc5 Bxc5 15. Ne5 Bd4 16. Rab1 {[#]} Bd7 $146 ({Predecessor:} 16... Nd7 17. Nxd7 Bxd7 18. b4 Bc6 19. c5 Qd8 20. Bxc6 bxc6 21. Bd6 Qf6 22. Bxf8 Rxf8 {1-0 (40) Stricker,F (2068)-Seppelfricke,G (1898) Herne 2018}) 17. b4 Ba4 (17... Rad8 $16 18. Rfe1 (18. Nxd7 Rxd7 19. c5 Qd8 $16) 18... Qa6) 18. c5 $18 Qb5 (18... Bb5 $16) 19. Qxb5 Bxb5 20. Rfd1 (20. Bxb7 $18 Bxf1 21. Bxa8 (21. Rxf1 g5 $14) (21. Kxf1 Rad8 $14)) 20... Bxe5 $1 $14 21. Bxe5 Nd5 22. Bxd5 exd5 23. Rxd5 Rfe8 24. Bf4 Re2 25. Ra1 Rae8 {Threatens to win with ...Re1+.} 26. Be3 Bc6 27. Rd4 Re4 $2 {[%mdl 8192] [#]} (27... a6 $11) 28. Rd8+ $2 (28. b5 $1 $18 {[%cal Rb5c6][%mdl 512] is the precise move to win.} Rxd4 (28... Bxb5 29. Rxe4) 29. bxc6 bxc6 30. Bxd4) 28... Re8 $16 29. Rxe8+ Bxe8 {[%mdl 4096] Endgame KRB-KRB} 30. a4 Rb2 {Black is on the road to losing.} (30... Kf8 $14) 31. b5 Rb4 $2 (31... f6 $16 {was necessary.} 32. Rc1 Bg6) 32. Bf4 (32. Rd1 $18 {And now Rd8! would win.} f6 33. Rd8) 32... Re4 (32... f6 $16 33. Rc1 Bg6) 33. f3 $18 Re6 (33... Re7 $142 34. Rc1 Bd7) 34. Rd1 f6 35. Rd8 Kf7 36. Rb8 Re7 37. Ra8 a6 38. bxa6 bxa6 39. Rxa6 g5 40. Bd6 Rb7 (40... Re3 {was worth a try.} 41. Kf2 Rc3) 41. c6 Rb1+ 42. Kf2 Rc1 43. c7 Bd7 44. Ke3 Ke8 $2 (44... Bc8 45. Ra8 Ke6 46. Rxc8 Kxd6) 45. Ra8+ {White is clearly winning.} Kf7 46. g4 Ke6 47. Bg3 Ke7 48. a5 {Accuracy: White = 64%, Black = 43%.} 1-0

[Event "Open Desko Liberec 2020"]
[Site "Liberec"]
[Date "2020.07.17"]
[Round "1.6"]
[White "Jina, Lubos"]
[Black "Kucera, Petr"]
[Result "0-1"]
[WhiteElo "1649"]
[BlackElo "2230"]
[Annotator "TA"]
[PlyCount "56"]
[EventDate "2020.07.18"]
[EventType "swiss"]
[EventCountry "CZE"]
[SourceTitle "playchess.com"]
[Source "ChessBase"]
[SourceQuality "1"]

{[%evp 20,56,-19,-23,-2,-20,-6,-31,-14,-33,-36,-70,-33,-102,-25,-26,-25,-35,-13,-53,-10,-20,0,-57,-58,-57,-47,-51,-51,-53,-45,-50,-41,-554,-555,-600,-595,-560,-538]} 1. d4 Nf6 2. c4 e6 3. Nc3 c5 4. e3 cxd4 5. exd4 d5 6. Nf3 Bb4 7. Bd2 O-O 8. a3 Bxc3 9. Bxc3 dxc4 10. Bxc4 b6 11. O-O Bb7 {B14: Caro-Kann: Panov-Botvinnik Attack with 5...e6 and 5...g6.} 12. Ne5 {[#]} Nd5 $146 ({Predecessor:} 12... Nc6 13. Re1 Nd5 14. Nxc6 Bxc6 15. Bxd5 Bxd5 16. Qg4 f6 17. Re3 Rf7 18. Rh3 Qc8 19. Re1 {0-1 (36) Makolli,P (2238)-Doettling,F (2541) Kemer 2007}) 13. Be2 Nd7 {Black is slightly better.} 14. Nxd7 Qxd7 15. Bf3 Rac8 16. Rc1 ({White should play} 16. Bxd5 $1 $15 Bxd5 17. f3) 16... Rc7 (16... Nxc3 $17 17. Rxc3 Bxf3 18. Qxf3 Qxd4) 17. Bxd5 $11 Qxd5 {[%csl Gb7][%cal Rd5g2] [#]} 18. Qg4 f5 19. Qh3 Rf6 {And now ...Rh6 would win.} (19... g5 $5 {[%cal Rg5g4]} 20. f3 Rg7 $15) 20. f3 Rg6 21. Rce1 (21. Qh4 $1 $11) 21... Qd8 $15 22. Rf2 Rd7 23. Rfe2 Bd5 24. Rf2 Qf6 {Strongly threatening ...Rh6.} 25. Rd2 Rf7 26. Rf2 $2 {[%mdl 8192] [#]} (26. Rdd1 $15) 26... Rh6 $1 $19 {[%cal Rh6h3] Black is clearly winning.} 27. Qg3 f4 28. Qg4 Rh4 {Accuracy: White = 53%, Black = 78%.} 0-1

[Event "Open Desko Liberec 2020"]
[Site "Liberec"]
[Date "2020.07.17"]
[Round "1.7"]
[White "Belaska, Premysl"]
[Black "Martinovsky, Miroslav"]
[Result "1-0"]
[WhiteElo "2224"]
[BlackElo "1638"]
[Annotator "TA"]
[PlyCount "121"]
[EventDate "2020.07.18"]
[EventType "swiss"]
[EventCountry "CZE"]
[SourceTitle "playchess.com"]
[Source "ChessBase"]
[SourceQuality "1"]

{[%evp 17,121,39,46,36,50,27,47,12,18,19,12,12,26,27,38,13,37,0,19,27,116,44,64,37,37,20,46,28,42,37,42,21,73,60,56,56,61,61,88,47,47,45,47,0,43,0,43,41,68,55,69,0,64,-95,0,-30,0,-85,-84,-86,-42,-39,79,0,6,0,0,-13,33,19,35,17,35,0,135,133,133,81,99,80,347,74,110,98,493,135,182,34,604,510,790,795,778,778,29984,29985,29985,29985,5477,5477,2991,3070,1971,1913,3997,3031]} 1. c4 e6 2. Nc3 d5 3. d4 Nf6 4. Bg5 Nbd7 5. Nf3 c6 6. e3 Qa5 7. Nd2 dxc4 8. Bxf6 Nxf6 9. Nxc4 Qd8 10. Qc2 {D52: Queen's Gambit Declined: Cambridge Springs Variation.} Be7 11. Be2 {[#]} Bd7 $146 ({Predecessor:} 11... O-O 12. O-O Nd5 13. Rfd1 Nb6 14. a4 a5 15. e4 Nxc4 16. Bxc4 Qb6 17. Rd3 Rd8 {1-0 (80) Mendoza,D (2132)-Colmenares Suarez,J (2026) San Cristobal 2016}) 12. Rd1 {White is slightly better.} Rc8 13. e4 O-O 14. O-O Qc7 15. a3 b6 16. g3 Rcd8 17. f4 Bc8 18. Ne3 Rfe8 (18... b5 $11) 19. Bf3 (19. e5 $16) 19... Qb8 20. Kh1 Kh8 21. Bg2 Kg8 22. Rf2 Bf8 23. Rfd2 g6 24. Re1 Bg7 (24... Bb7 $11) 25. e5 $16 Nd5 26. Ne4 Bb7 27. Nc4 Re7 28. b4 Red7 29. Ncd6 Bf8 30. Nc4 Be7 31. Qb3 Kg7 32. Kg1 Kf8 33. Rc1 Kg7 34. Ng5 (34. Ncd6 $14) 34... h6 (34... Ba6 $11) 35. Nf3 $2 (35. Ne4 $14 {was forced to keep a grip.}) 35... Kf8 ({Better is} 35... c5 $1 $17 {[%cal Rc5b4]} 36. dxc5 bxc5) 36. Ne3 Kg7 37. Ng4 (37. Nc4 $11 {keeps the balance.}) 37... Rc8 38. Rdc2 Rdc7 39. Nd2 Bd8 (39... c5 $15 {keeps the upper hand.} 40. dxc5 bxc5) 40. Qd3 (40. Nc4 $16) 40... Be7 $11 41. h4 h5 42. Ne3 Bd8 43. Ne4 {Threatens to win with Nd6.} Be7 44. Nc4 Ba6 45. Qb3 Bb7 (45... Bxc4 $1 $11 46. Rxc4 a5) 46. Ncd6 $36 {[%mdl 2048] Black is under strong pressure.} Rd8 47. Bf1 (47. b5 $142) 47... Rdd7 48. Qf3 Kf8 $2 {[%mdl 8192] [#]} (48... Bxd6 $16 {was worth a try.} 49. Nxd6 (49. exd6 Rc8 $11) 49... Rxd6 50. exd6 Rd7) 49. Qf2 $2 (49. f5 $1 $18 {[%cal Rf5g6][%mdl 512] is the precise move to win.} exf5 50. Nxf5 $1 {[%mdl 512]}) 49... Kg7 50. Bh3 Kf8 $2 {[%mdl 8192] [#]} (50... f5 $16 {is tougher.}) 51. Kh2 $2 (51. f5 $1 $18 {[%cal Rf5e6][%mdl 512]} gxf5 (51... exf5 52. Bxf5) 52. Bxf5 $1 {[%mdl 512]} Bxd6 53. exd6) 51... Kg8 {[#]} 52. Rf1 (52. f5 $1 $18 {[%cal Rf5e6]} gxf5 {[#]} 53. Nxf5 $1 {[%mdl 512]} exf5 54. Qxf5) 52... Kg7 $2 {[%mdl 8192] [#]} (52... Ba6 $14) 53. Nxf7 $1 {[%mdl 576] Remove Defender, Decoy} Kxf7 {[#]} (53... Ba6 $142 54. Bxe6 Bxh4) 54. Bxe6+ $1 $18 {[%mdl 576] Double Attack} Kg7 (54... Kxe6 55. f5+) 55. f5 gxf5 56. Qxf5 Qf8 {[#]} 57. Qxh5 $1 {[%mdl 512]} Qxf1 58. Rf2 {White is clearly winning.} Qxf2+ 59. Nxf2 {Qf7+ would kill now.} Bd8 60. Bxd7 Rxd7 61. Qg4+ {[%mdl 64] Double Attack. Accuracy: White = 54%, Black = 46%.} 1-0

[Event "Open Desko Liberec 2020"]
[Site "Liberec"]
[Date "2020.07.17"]
[Round "1.8"]
[White "Bruna, Matous"]
[Black "Finek, Vaclav"]
[Result "0-1"]
[WhiteElo "1614"]
[BlackElo "2203"]
[Annotator "TA"]
[PlyCount "98"]
[EventDate "2020.07.18"]
[EventType "swiss"]
[EventCountry "CZE"]
[SourceTitle "playchess.com"]
[Source "ChessBase"]
[SourceQuality "1"]

{[%evp 9,98,-25,-1,-21,-20,-22,1,5,12,6,4,8,21,-16,-16,-76,0,0,8,11,25,16,26,22,18,8,33,20,33,33,33,33,26,26,26,26,26,0,0,0,0,0,0,0,3,3,3,0,23,6,15,0,0,0,0,0,0,0,0,0,0,0,0,-8,0,-93,-43,-43,-44,-54,-60,-101,-6,-251,-229,-218,-8,-242,-225,-197,-169,-240,-341,-434,-406,-420,-412,-427,-403,-8914,-8270]} 1. e4 c5 2. Nc3 e6 3. f4 Nc6 4. Nf3 d5 5. d3 Nf6 6. g3 {B23: Closed Sicilian: Lines without g3.} dxe4 7. Nxe4 Nxe4 (7... Be7 {keeps more tension.} 8. c3 O-O 9. Qe2 b6 10. Nf2 Qc7) 8. dxe4 {The position is equal.} Qxd1+ 9. Kxd1 b6 10. c3 Bb7 11. Bg2 O-O-O+ {[#]} 12. Nd2 $146 {[#]} (12. Ke1 $11 {keeps the balance.}) ({Predecessor:} 12. Bd2 Be7 13. Re1 h6 14. h4 g5 15. hxg5 hxg5 16. fxg5 f6 17. gxf6 Bxf6 18. e5 Nxe5 19. Nxe5 Bxe5 20. Bxb7+ Kxb7 21. Rxe5 Rh2 22. Re2 Rh1+ 23. Re1 Rh2 {½-½ (23) Collins,S (2398)-Bui,V (2483) Budapest 2007}) 12... Ba6 (12... g5 $1 $17 {[%mdl 512] And now ...gxf4 would win.} 13. fxg5 h6) 13. Bf1 $11 Bxf1 (13... Bb7 {is more complex.} 14. Bg2) 14. Rxf1 h5 15. Ke2 h4 16. Nf3 hxg3 17. hxg3 f5 18. e5 Be7 19. Be3 Rh3 20. Kf2 Rdh8 21. Kg2 Na5 22. b3 Kb7 23. Rh1 (23. Rad1 {seems wilder.} Kc7 24. Rd2 R3h6 25. Rfd1 Rd8 26. Rxd8 Bxd8 27. Rg1) 23... Rxh1 24. Rxh1 Rxh1 25. Kxh1 {[%mdl 4096] Endgame KBN-KBN} Kc6 26. Nd2 Kd5 27. c4+ Kc6 28. Kg2 Kb7 29. Kf2 Nc6 30. a3 g5 31. Ke2 gxf4 32. gxf4 Kc8 33. Kd3 Kd7 34. Nb1 Na5 35. Nd2 Ke8 36. Kc3 Kf7 37. Bf2 (37. b4 $11 Nb7 38. Nf1) 37... Kg6 38. b4 $1 {[%cal Rb4a5]} Nb7 39. Nb3 Kh5 40. Nc1 a5 (40... Kg4 $17 41. Nd3 Kf3) 41. Nd3 $2 (41. b5 $11 {and White stays safe.}) 41... axb4+ $19 42. axb4 Kg4 $2 (42... cxb4+ $19 43. Nxb4 Nc5) 43. Be3 $2 (43. Kd2 $1 $11 {and White has nothing to worry.}) 43... cxb4+ 44. Nxb4 Bc5 45. Bc1 {[#]} (45. Bd2 {was forced.}) 45... Kf3 $1 46. Nc2 Ke4 47. Bd2 Na5 48. Bc1 Nc6 49. Ne1 (49. Kb3 $142) 49... Bb4+ {Accuracy: White = 63%, Black = 82%.} 0-1

[Event "Open Desko Liberec 2020"]
[Site "Liberec"]
[Date "2020.07.17"]
[Round "2.1"]
[White "Redzisz, Michal"]
[Black "Bures, Jaroslav"]
[Result "0-1"]
[WhiteElo "1972"]
[BlackElo "2382"]
[Annotator "TA"]
[PlyCount "84"]
[EventDate "2020.07.18"]
[EventType "swiss"]
[EventCountry "CZE"]
[SourceTitle "playchess.com"]
[Source "ChessBase"]
[SourceQuality "1"]

{[%evp 9,84,33,26,24,26,15,15,-6,8,14,24,-7,-17,-8,0,-2,27,24,23,8,81,43,27,-21,-9,-18,-20,-37,-22,-47,-60,-66,-52,-65,-10,-104,-23,-25,-22,-161,-166,-177,-177,-177,-164,-171,-179,-165,-59,-70,-47,-60,-75,-600,-599,-625,-607,-1119,-1066,-1139,-1099,-1045,-1049,-1046,-1019,-1743,-1562,-1294,-1245,-5775,-5691,-5561,-5341,-5257,-5214,-5206,-5198]} 1. d4 Nf6 2. c4 e6 3. g3 c5 4. d5 exd5 5. cxd5 b5 6. e4 {A60: Modern Benoni: Early Divergences.} Nxe4 7. Bg2 Nd6 8. Nf3 {The position is equal.} Be7 9. O-O O-O 10. a4 b4 11. Re1 Bb7 12. Bf4 {[#]} Na6 $146 ({Predecessor:} 12... Ne8 13. Ne5 d6 14. Nc4 Ba6 15. Nbd2 Nd7 16. h4 h6 17. Rc1 g5 18. Be3 Ng7 19. hxg5 hxg5 {½-½ (29) Roy Laguens,A (2326)-Belmar Juaranz,C (2226) ICCF email 2014}) 13. Nbd2 {[%cal Bb1d2,Bd2c4,Bc4a5,Ba5c6][%mdl 32]} Re8 14. Rc1 Nc8 (14... Bxd5 $2 15. Nf1 $18) (14... g6 $11 {remains equal.}) 15. Nc4 d6 $1 16. Nfd2 Nc7 $1 17. Nb3 Bf8 {Hoping for ...Rxe1+.} 18. Rxe8 Nxe8 19. Nca5 Ba6 $1 20. Nc6 Qf6 21. Qd2 {next Be4 is good for White.} h6 ({Better is} 21... Qf5 $15) 22. h4 (22. Be4 $1 $11 {keeps the balance.}) 22... Nb6 (22... Qf5 $1 $17 23. Re1 Nf6) 23. Be4 $11 {aiming for Bg5!} Nxa4 24. Ra1 (24. Nbd4 $11 {and White stays safe.}) 24... Bb5 $19 25. Rxa4 Bxa4 26. Bg5 Bxb3 ({But not} 26... hxg5 27. hxg5 Bxb3 28. gxf6 $15) 27. Bxf6 Nxf6 28. Qe3 {[#]} Bxd5 ({Black should play} 28... Ba2 $1 $19 {White must now prevent ...Re8.} 29. Bc2 Bxd5) 29. Bxd5 $15 Nxd5 30. Qe4 Nb6 $1 {Threatens to win with ...a5.} 31. Ne7+ $2 {[%mdl 8192]} (31. Qe2 $17) 31... Bxe7 $1 $19 {[%mdl 64] Overworked Piece. Black is clearly winning.} 32. Qxe7 {[%mdl 4096] Endgame [#] KQ-KRN} c4 $1 33. Qxd6 c3 34. bxc3 bxc3 35. Qd3 Rc8 36. Qc2 a5 {[%cal Ba7a5,Ba5a4][%mdl 32]} 37. Kf1 Nd5 38. Kg2 {[#]} a4 $1 39. Qf5 (39. Qxa4 c2) 39... Ne7 40. Qc2 a3 41. g4 {[#]} a2 $1 {[%mdl 64] Promotion} 42. Qxa2 c2 {Accuracy: White = 52%, Black = 76%.} 0-1